000 00453cam a2200181ua 4500
041 _aeng
_h
082 _a823.301
_bPIL/AD
100 _aPillai, K P A .
245 _aAdventure and achievement /
_cK P A Pillai.
_hTextual Documents
260 _aNew Delhi :
_bNational Publishing House ,
_c1970.
300 _a136 ; .
504 _a
942 _cBK
999 _c4337
_d4337